000 01270nam0a22003491 4500
001 rc\2271183
005 20110829191001.8
035 _a(NLR Aleph) 006552149
090 _a6752175
_c6752175
100 _a20110829d1977 |||y0rusy50 ca
101 0 _arus
102 _aRU
105 _aa z |||||
200 1 _aМагнитные ленты на двуокиси хрома
_fВ.М. Нефедченков, М.И. Руденко, Л.Г. Товкало
210 _aМосква
_cХимия
_d1977
215 _a70 с.
_cил.
_d20
320 _aСписки лит. в конце глав
606 _aХром, двуокись
_xМагнитные свойства
_2psbo
606 _aМагнитная пленка
_2psbo
686 _aз940.13-5-042
_2rubbk
686 _aз871.3-5-042
_2rubbk
686 _aз973.2-045.335
_2rubbk
700 1 _aНефедченков
_bВ. М.
_gВиктор Максимович
701 1 _aТовкало
_bЛ. Г.
_gЛеонид Григорьевич
701 1 _aРуденко
_bМ. И.
_gМихаил Иванович
801 0 _aRU
_bNLR
_gpsbo
801 1 _aRU
_bELAR
_2rusmarc
852 _aNLR
_j77-4/16653
899 _aRuMoRGB
_jБ 77-54/2335
899 _aRuMoRGB
_jБ 77-54/2336
942 _cBOOK
980 _aNB